| 000 | 01680cam a22004694i 4500 | ||
|---|---|---|---|
| 003 | PE-LiUPU | ||
| 005 | 20250731172920.0 | ||
| 008 | 150617s r 000 0 d | ||
| 035 | _a(Sirsi) a19057 | ||
| 040 |
_aPE-LiUPU _bspa _cPE-LiUPU _erda |
||
| 049 | _aPRUA | ||
| 082 | 0 | 4 |
_a297.122 _bA11 _221 |
| 245 | 0 | 3 |
_aEl Sagrado Corán : _btraducción literal, íntegra y directa del original arabigo al español .. [Ahmed Abboud y Rafael Castellanos] / _cLiga Islámica Mundial y El Centro Islámico. |
| 264 | 1 |
_aBuenos Aires : _b"El Nilo", _c1980. |
|
| 300 |
_a809 páginas ; _c24 centímetros. |
||
| 336 |
_atext _2rdacontent |
||
| 337 |
_aunmediated _2rdamedia |
||
| 338 |
_avolume _2rdacarrier |
||
| 500 | _aOtra edición: 1952; traducción literal, íntegra y directa del original arábigo al español. | ||
| 505 | 0 | _aArabia -- La teología del Islam: Allah, Dios -- Muhammad el apóstol de Dios -- El Islam, la salvación -- Historia sagrada de los mensajeros de Dios mencionados en el sagrado Corán -- Los libros y lugares sagrados -- Compendio del contenido del sagrado Corán. | |
| 526 | _aSEG42 | ||
| 526 | _aSEG41 | ||
| 526 | _aSEG40 | ||
| 526 | _aSEG39 | ||
| 526 | _aP94 | ||
| 526 | _aP87 | ||
| 526 | _aP86 | ||
| 526 | _aP85 | ||
| 526 | _aP77 | ||
| 526 | _aP76 | ||
| 526 | _aP35 | ||
| 650 | 1 | 4 | _aCorán. |
| 650 | 2 | 4 |
_aCorán _xTraducciones al español. |
| 700 | 1 |
_aAbboud, Ahmed, _etraductor. |
|
| 700 | 1 |
_aCastellanos, Rafael, _etraductor. |
|
| 710 | 2 | _a.Asociacion Islámica del Perú | |
| 910 | _ajck | ||
| 942 |
_2ddc _cBK |
||
| 999 |
_c18817 _d18817 |
||
| 980 |
_81 _gALBERTO SANCHEZ Responsable de Automatización |
||